Muros de contención y muros de sótano
Uloženo v:
| Hlavní autor: | |
|---|---|
| Médium: | Kniha |
| Jazyk: | španělština |
| Vydáno: |
Madrid
INTEMAC
1989
|
| Vydání: | 2a. ed |
| Témata: | |
| Tagy: |
Přidat tag
Žádné tagy, Buďte první, kdo vytvoří štítek k tomuto záznamu!
|
MARC
| LEADER | 00000nam a2200000 a 4500 | ||
|---|---|---|---|
| 001 | UCX8152 | ||
| 003 | CL-VaPUC | ||
| 008 | 940127e19890000SP |||||||||||||||||spa|d | ||
| 082 | 0 | 4 | |a 624.164 |b CAL |2 21 |
| 100 | |a Calavera Ruiz, José |e author |9 363920 | ||
| 245 | 1 | 0 | |a Muros de contención y muros de sótano |
| 250 | |a 2a. ed | ||
| 300 | |a 307 p | ||
| 942 | |c BK | ||
| 945 | |d 19940127 00:00:00 |a mfernand | ||
| 260 | |a Madrid |b INTEMAC |c 1989 | ||
| 650 | 0 | |a Muros de contención |9 262537 | |
| 650 | 7 | |a SOTANOS |2 CL-VaPUC |9 325207 | |
| 583 | |a last modification |c 19940127 00:00:00 |k Rodrigo Vera | ||
| 999 | |c 227750 |d 227748 | ||
| 952 | |0 0 |1 0 |4 0 |6 624_164000000000000_CAL_1989 |7 0 |8 A |9 226966 |a BIBING |b BIBING |d 2019-11-15 |i 3349977 |l 1 |o 624.164 CAL 1989 |p 3349977 |r 2025-01-20 |s 2023-11-16 |w 2019-11-15 |y BK |k CCL | ||